[Event "Asian Zonal-ch 3.5 Women 2019"]
[Site "Zi Bo"]
[Date "2019.09.10"]
[Round "9.1"]
[White "Zhu, Jiner"]
[Black "Zhang, Xiao"]
[Result "1-0"]
[WhiteElo "2471"]
[BlackElo "2073"]
[Annotator "TA"]
[PlyCount "77"]
[EventDate "2019.09.05"]
[EventType "swiss"]
[EventCountry "CHN"]
[SourceTitle "playchess.com"]
[Source "ChessBase"]
[SourceQuality "1"]

{[%evp 9,77,11,49,43,55,59,59,38,66,74,89,81,110,101,164,155,166,171,213,134,127,131,184,178,187,128,226,213,219,208,218,220,232,230,229,226,312,316,418,402,408,310,384,354,346,393,386,385,334,330,595,561,825,827,783,712,1164,1164,29971,29972,29987,29988,29989,29990,29990,29991,29991,29992,29993,29994]} 1. e4 c6 2. d4 d5 3. e5 c5 4. dxc5 e6 5. Bd3 Bxc5 6. Qg4 {B12: Caro-Kann: Advance Variation} g6 (6... Ne7 7. b4 h5 8. Qf4 Bb6 9. Nf3 Nbc6 10. Nbd2 a5 11. b5 Nb4 12. Ba3 Nxd3+ 13. cxd3 {1-0 (25) Dominguez Perez,L (2760)-Nepomniachtchi,I (2775) Dortmund 2019}) 7. Nf3 Nc6 8. O-O {White is slightly better.} Qc7 $146 ({Predecessor:} 8... Nge7 9. Bg5 Qb6 10. b3 Bd4 11. Nxd4 Qxd4 12. Qxd4 Nxd4 {1-0 (79) Kolakovic,K (1974)-Janning,R (1912) Germany 2010}) 9. Nc3 a6 10. Re1 Nge7 11. Bg5 $36 {[%mdl 2048] White is on the roll.} Bd7 (11... Ng8 $16) 12. Bf6 $18 Rg8 13. Qh4 h5 14. Ng5 Nb4 15. Qf4 Nxd3 (15... Bc6 $16 {might work better.}) 16. cxd3 Nf5 17. h3 (17. Rac1 $18 {b4 is the strong threat.} Qb6 18. a3) 17... h4 (17... Bc6 $16) 18. Nh7 Bc6 19. Bxh4 Rh8 20. Nf6+ Kd8 {[#]} 21. Bg5 $1 Kc8 22. Rac1 {aiming for Ncxd5.} Be7 23. Ne2 Bxf6 24. Bxf6 ({Weaker is} 24. exf6 Qxf4 25. Bxf4 Kd7 $16) 24... Rh7 25. Rc2 Kd7 26. Qb4 Ke8 27. Rec1 Qd7 28. Kh2 Rc8 29. Nc3 {[%cal Be2c3,Bc3a4,Ba4b6][%mdl 32]} Rc7 $2 {[#]} (29... Qc7 30. Ne2 Ra8) 30. Na4 $1 {[%mdl 512] Hoping for Nb6.} Qc8 (30... Bxa4 31. Rxc7) 31. Nb6 {Threatening mate with Rxc6.} Qb8 {[#]} 32. Nxd5 $1 {[%mdl 512]} exd5 {[#]} (32... Bxd5 33. Rxc7) 33. Rxc6 $1 {[%mdl 512]} Rxc6 (33... bxc6 34. Qxb8+) 34. Rxc6 {[%mdl 64] Pin. White mates.} Kd7 {[#]} 35. Rb6 $1 Kc8 36. Qf8+ Kc7 37. Qc5+ {[%mdl 64] Double Attack} Kd7 38. Qxd5+ {[%mdl 64] Double Attack} Kc7 {[#]} 39. Rb3 $1 {Accuracy: White = 99%, Black = 39%.} 1-0

[Event "Asian Zonal-ch 3.5 Women 2019"]
[Site "Zi Bo"]
[Date "2019.09.10"]
[Round "9.2"]
[White "Ren, Xiaoyi"]
[Black "Lei, Tingjie"]
[Result "1-0"]
[WhiteElo "2231"]
[BlackElo "2483"]
[Annotator "TA"]
[PlyCount "167"]
[EventDate "2019.09.05"]
[EventType "swiss"]
[EventCountry "CHN"]
[SourceTitle "playchess.com"]
[Source "ChessBase"]
[SourceQuality "1"]

{[%evp 13,167,-29,-27,-46,-29,-56,0,-59,-63,-54,-45,-89,-63,-99,-89,-91,-55,-52,-48,-64,-64,-64,-56,-58,-52,-45,-32,-37,-11,-22,-18,-18,-18,-20,-29,-30,0,0,0,-22,-19,-20,-13,-17,-11,-18,-14,-14,-13,-84,-21,-52,-37,-108,-28,-27,-9,-10,110,110,112,112,112,107,111,108,127,127,134,135,170,130,295,291,208,213,227,0,139,33,33,33,33,33,33,34,40,4,4,0,80,80,850,703,673,103,103,80,80,80,80,80,80,80,80,80,81,81,81,81,1395,81,1369,1323,1331,1286,1129,1118,1066,811,1412,339,339,339,339,339,325,318,1663,1587,1470,1445,29977,29978,29979,29977,29977,29978,29977,29970,29970,29970,29980,29980,29982,29983,29983,29984,29983,29984,29984,29985,29986,29987,29987,29987]} 1. d4 Nf6 2. c4 e6 3. Nf3 d5 4. Bf4 dxc4 5. Qa4+ Nbd7 6. Qxc4 c5 7. Nc3 a6 8. Qa4 $146 {D23: Queen's Gambit Accepted: 3 Nf3 Nf6 sidelines} ({Predecessor:} 8. a4 b5 9. Qd3 cxd4 10. Qxd4 Bc5 11. Qd3 Bb7 12. axb5 axb5 13. Rxa8 Qxa8 14. Qxb5 Bc6 15. Qd3 O-O {0-1 (41) Hoang,T (2283)-Smirnov,P (2595) Ho Chi Minh City 2016}) 8... cxd4 9. Nxd4 Bc5 (9... Be7 $1 $15) 10. e3 (10. Nb3 $1 $11 b5 11. Nxb5 {[%mdl 64] Pin}) 10... O-O $15 11. Nf3 $1 b5 12. Qc2 Bb7 13. Be2 Rc8 14. a3 b4 15. axb4 Bxb4 16. O-O Nd5 17. Ng5 {[%csl Gg5][%cal Rc2h7]} g6 18. Nge4 Nxf4 19. exf4 a5 20. Rfd1 {Hoping for Rxd7!} Qe7 21. Rxd7 Bxe4 $1 22. Qd1 Bc2 $1 {[%cal Rc2d1]} 23. Qd2 ({Much weaker is} 23. Rxe7 Bxd1 24. Rb7 Bxe2 $17) 23... Qe8 24. Bb5 Rc5 {And now ...Rxb5! would win.} 25. Qxc2 Bxc3 26. Ba4 Bb4 $1 27. Qd3 Qc8 28. Rd1 Rc1 29. Bb3 Qc5 30. g3 Rb8 31. Kg2 (31. Ba4 $11) 31... Qc6+ ({Black should try} 31... Rxd1 $17 32. Qxd1 Be1 $1 {[%mdl 512]}) 32. f3 Rxd1 33. Qxd1 ({White should play} 33. Bxd1 $15 Rc8 34. Rd8+ Bf8 35. Rxc8 Qxc8 36. Bc2) 33... Qb6 (33... Bf8 $1 $17 34. Rd2 Rb4) 34. Bc4 $11 Rc8 35. b3 Bc3 {[#]} (35... Re8 $11) 36. Rxf7 $1 $16 {[%mdl 512]} Rxc4 (36... Kxf7 37. Qd7+) 37. Qd7 {[%cal Rd7e8]} Rc8 38. Qxc8+ Kxf7 39. Qxc3 {[%mdl 4096] Endgame KQ-KQ} h5 40. Kh3 Qb5 41. Kh4 Qb6 42. Qd3 Qc5 $2 (42... Kf6 $16 43. Qc3+ Kf7) 43. Qd7+ $1 $18 Kf6 44. Qd8+ $1 Kf7 45. Qd7+ Kf6 46. Qe8 (46. Qd2 $16) 46... g5+ $14 47. Kxh5 {Threatens to win with Qg6+.} gxf4+ 48. Kh4 fxg3 49. Qd8+ Kg6 50. Qg8+ Kf6 51. hxg3 Qb4+ (51... Qd5 $11 {remains equal.}) 52. f4 $16 Qe1 $2 {[%mdl 8192]} (52... Qxb3 $16 53. Qg5+ Kf7) 53. Qg5+ $18 Kf7 54. Qe5 $2 (54. Qc5 $18 {and White stays clearly on top.} Qd2 55. Qh5+ Ke7 56. Qe5 Qh2+ 57. Kg4) 54... Qb4 $16 55. g4 {Kg5 is the strong threat.} Qxb3 56. Qxa5 Qc2 57. Qe5 Qb1 58. Qh5+ Kg7 59. Qg5+ $1 Kf7 60. Qe5 Qc2 61. Qb5 {aiming for Qd7+.} Qe4 $2 {[%mdl 8192]} (61... Kf6 $16 62. g5+ Ke7) 62. Qd7+ $2 (62. Qh5+ $1 $18 {is the precise move to win.} Kf8 63. Kg5) 62... Kg6 $2 {[%mdl 8192]} (62... Kf6 $16) 63. Qe8+ $18 Kg7 64. Qe7+ Kg6 65. Qg5+ $1 Kf7 66. Qh5+ $1 Ke7 67. Kg5 $2 (67. Qe5 Qh7+ 68. Kg5) 67... e5 68. f5 Qe3+ 69. Kg6 {Black must now prevent f6+.} Qb6+ 70. Kh7 Kf8 $2 (70... Qf6 71. Qg6 e4) 71. Qg5 {White wants to mate with Qg7+.} ({Worse is} 71. Qh6+ Qxh6+ 72. Kxh6 e4 $11) 71... Qb7+ {[#]} 72. Kh6 $1 Qc6+ {[#]} 73. f6 $1 {White mates.} Qh1+ 74. Kg6 Qe4+ 75. Qf5 Qc4 76. Qf3 Qc2+ 77. Kg5 Qc5 78. Qe4 Kf7 79. Qg6+ Ke6 80. Qe8+ Kd5 81. f7 Qe3+ 82. Kg6 Qe4+ 83. Kh6 Qf4+ 84. g5 {Accuracy: White = 54%, Black = 39%.} 1-0

[Event "Asian Zonal-ch 3.5 Women 2019"]
[Site "Zi Bo"]
[Date "2019.09.10"]
[Round "9.3"]
[White "Huang, Qian"]
[Black "Zhai, Mo"]
[Result "1/2-1/2"]
[WhiteElo "2429"]
[BlackElo "2360"]
[Annotator "TA"]
[PlyCount "60"]
[EventDate "2019.09.05"]
[EventType "swiss"]
[EventCountry "CHN"]
[SourceTitle "playchess.com"]
[Source "ChessBase"]
[SourceQuality "1"]

{[%evp 14,60,15,9,8,18,13,12,36,27,31,33,27,25,24,11,12,18,14,0,0,0,0,-15,0,-4,-5,-7,0,-8,0,0,0,0,3,0,0,0,0,0,0,0,0,0,0,-10,6,0,0]} 1. Nf3 d5 2. d4 Nf6 3. c4 e6 4. Nc3 c5 5. cxd5 Nxd5 6. g3 Nxc3 7. bxc3 cxd4 8. cxd4 Bb4+ {D41: Queen's Gambit Declined: Semi-Tarrasch with 5 cxd5} 9. Bd2 Bxd2+ 10. Qxd2 Bd7 (10... b6 11. Bg2 Bb7 12. O-O O-O 13. Rfd1 Nd7 14. a4 Rb8 15. Qb4 Nf6 16. Rac1 Qd5 17. Rc7 Qd8 18. Rcc1 Qd5 19. Rc7 Qd8 20. Rcc1 {½-½ (20) Bu,X (2718)-Ma,Q (2629) Hangzhou 2018}) 11. Bg2 Bc6 12. O-O Nd7 13. Rfe1 Nf6 14. Qf4 Be4 {[#] The position is equal.} 15. Rec1 $146 ({Predecessor:} 15. Rac1 O-O 16. g4 {½-½ (32) Grandelius,N (2581)-Roiz,M (2592) Stockholm 2015}) 15... O-O 16. Nd2 Bxg2 17. Kxg2 Rc8 18. Nb3 Qd5+ 19. Qf3 b6 20. Qxd5 Nxd5 21. Kf1 Rfd8 22. Ke1 Kf8 (22... g5 {feels hotter.} 23. Kd2 Nf6 24. Rxc8 Rxc8 25. Rc1 Rxc1 26. Nxc1 Kg7) 23. Kd2 Ke7 24. Rxc8 Rxc8 25. Rc1 Rxc1 26. Nxc1 $11 {KN-KN} Kd6 27. e4 Nb4 28. Kc3 Nc6 29. Kd3 Nb4+ 30. Kc3 Nc6 {Accuracy: White = 48%, Black = 64%.} 1/2-1/2

[Event "Asian Zonal-ch 3.5 Women 2019"]
[Site "Zi Bo"]
[Date "2019.09.10"]
[Round "9.4"]
[White "Yan, Tianqi"]
[Black "Gu, Tianlu"]
[Result "1/2-1/2"]
[WhiteElo "2122"]
[BlackElo "2239"]
[Annotator "TA"]
[PlyCount "67"]
[EventDate "2019.09.05"]
[EventType "swiss"]
[EventCountry "CHN"]
[SourceTitle "playchess.com"]
[Source "ChessBase"]
[SourceQuality "1"]

{[%evp 14,67,35,28,30,0,20,0,0,9,10,0,2,0,139,139,141,134,141,149,122,132,176,176,170,168,165,168,164,168,158,160,183,160,178,162,142,150,148,131,157,123,199,196,180,184,170,166,213,217,198,0,0,0,204,0]} 1. e4 e5 2. Nf3 Nc6 3. Bb5 Nge7 4. O-O g6 5. c3 Bg7 6. d4 exd4 7. cxd4 a6 8. Ba4 O-O {C60: Ruy Lopez: Unusual Black 3rd moves and 3...g6} (8... b5 9. Bc2 d5 10. exd5 Nb4 11. Bb3 Nbxd5 12. Nc3 O-O 13. Re1 h6 14. h3 Nxc3 15. bxc3 Bb7 16. Ne5 {½-½ (40) Caruana,F (2816)-Giri,A (2782) Leuven 2018}) 9. Re1 b5 10. Bc2 d5 {The position is equal.} 11. exd5 Nxd5 {Black wants to play ...Bg4.} 12. Nc3 {[%cal Bb1c3,Bc3a4,Ba4c5][%mdl 32]} Be6 13. h3 {[#]} h6 $146 {[#]} (13... Re8 $11) ({Predecessor:} 13... Nxc3 14. bxc3 Na5 15. Ne5 Bd5 16. a4 {0-1 (47) Chen,Q (2437)-Tari,A (2620) St Petersburg 2018}) 14. Bxg6 $1 $16 {[%mdl 512]} b4 (14... fxg6 15. Rxe6) 15. Na4 Bxh3 16. Bb1 Bd7 17. Nc5 Bg4 18. Qc2 {[%csl Gb1][%cal Rc2h7]} f5 {White must now prevent ...Bxf3.} 19. Ne6 Qd6 {Threatens to win with ...Bxf3.} 20. Nxf8 Rxf8 21. Qd3 $1 Bxf3 22. Qxf3 Nxd4 23. Qh3 f4 24. Be4 Nf6 {[#]} 25. Bd3 $1 Nd7 26. a3 f3 27. Be3 Ne5 (27... fxg2 $16 28. Bc4+ Kh8) 28. Bxd4 $18 Qxd4 {[#]} 29. Qe6+ $1 (29. Bxa6 fxg2 30. Qg3 Nf3+ 31. Kxg2 bxa3 $17) 29... Kh8 {[#]} 30. Rxe5 $1 {[%mdl 512]} Qxe5 31. Qg6 {[%csl Gd3][%cal Rg6h7]} Kg8 32. Bc4+ {[%mdl 1024] White has strong compensation.} (32. axb4 $6 fxg2 33. Rd1 (33. Kxg2 Rf6 $11) (33. Qxg2 Qd4 $11) 33... Qf6 $16) 32... Kh8 33. Bd3 {[%csl Gd3][%cal Rg6h7]} Kg8 34. Bc4+ $2 {Accuracy: White = 64%, Black = 62%.} (34. axb4 fxg2 35. Rd1 (35. Kxg2 Rf6 $11) (35. Qxg2 Qxb2 36. Rxa6 Qc1+ 37. Bf1 Rf5 $11) 35... Qf6 $16) (34. Qh7+ $18 Kf7 35. g3 (35. gxf3 bxa3 36. Rxa3 Qg5+ 37. Kf1 Qc1+ {[%mdl 64] Double Attack} 38. Kg2 Qg5+ 39. Kf1 Qc1+ {[%mdl 64] Double Attack} 40. Kg2 Qg5+ 41. Kf1 $11) (35. axb4 fxg2 36. Ra5 Qd4 $14)) 1/2-1/2

[Event "Asian Zonal-ch 3.5 Women 2019"]
[Site "Zi Bo"]
[Date "2019.09.10"]
[Round "9.5"]
[White "Zhang, Lanlin"]
[Black "Li, Yunshan"]
[Result "1-0"]
[WhiteElo "2203"]
[BlackElo "2261"]
[Annotator "TA"]
[PlyCount "87"]
[EventDate "2019.09.05"]
[EventType "swiss"]
[EventCountry "CHN"]
[SourceTitle "playchess.com"]
[Source "ChessBase"]
[SourceQuality "1"]

{[%evp 13,86,53,52,22,16,32,41,0,0,-2,-2,-10,-6,-9,-9,-9,0,6,6,0,0,-25,131,23,32,32,224,194,216,214,190,196,223,191,266,214,216,214,285,279,267,272,502,530,509,409,649,627,665,580,580,574,560,527,528,522,520,512,822,745,744,712,695,496,29996,29995,29995,29996,29996,29997,29997,29998,29998,29999,29999]} 1. e4 e5 2. Nf3 Nc6 3. Bc4 Bc5 4. O-O Nf6 5. d3 O-O 6. c3 d5 7. exd5 Nxd5 8. Nbd2 {C54: Giuoco Piano: 4 c3 Nf6, main lines with 5 d4 and 5 d3} Nb6 9. Bb5 Bg4 $146 (9... Bd6 10. a4 a6 11. Bxc6 bxc6 12. a5 Nd5 13. Re1 Re8 14. Nc4 Rf8 15. Ncd2 Re8 {½-½ (42) Wang,H (2737)-Inarkiev,E (2693) Danzhou 2019}) ({Predecessor:} 9... Bd6 10. Re1 Bg4 11. Ne4 Re8 12. h3 Bh5 13. Ng3 {½-½ (42) Tissir,M (2366)-Elsness,F (2477) Tromsoe 2014}) 10. Ne4 {White is slightly better.} Bd6 11. h3 Bh5 12. Ng3 Bg6 $1 13. Re1 Re8 14. Bg5 f6 15. Be3 Qd7 16. Nh4 Bf7 17. Nhf5 {next Qg4! is good for White.} (17. Bxb6 $5 axb6 18. a3 $15) 17... a6 $2 {[#]} (17... Bf8 $11) 18. Bxc6 ({White has to play} 18. Qg4 $1 $16 {[%csl Gf5][%cal Rg4g7][%mdl 512]} Be6 19. Bxc6 bxc6 20. Nh5 Bxf5 21. Nxf6+ {[%mdl 64] Double Attack} Kf7 22. Nxd7 Bxg4 23. Nxb6 cxb6 24. hxg4) 18... Qxc6 $11 19. Qg4 {[%csl Gf5][%cal Rg4g7]} g6 $2 (19... Bg6 $14) 20. Nh6+ $18 Kf8 21. Qh4 g5 {[#]} 22. Qg4 $1 {[%cal Rg4f5] Qf5 is the strong threat.} Bg6 23. h4 gxh4 24. Qxh4 Be7 25. Ngf5 $40 {[%mdl 128] White attacks with force.} Qe6 26. Nxe7 Kxe7 27. f4 {Hoping for fxe5.} Kd7 $2 {[#]} (27... Nd5 28. fxe5 Kd7) 28. f5 $1 {[%mdl 512]} Bxf5 29. Rf1 Bxd3 (29... Rg8 $142 30. Nxf5 Rae8) 30. Rxf6 Qc4 31. Qh3+ Re6 32. Bxb6 cxb6 33. Rxe6 {[%mdl 64] Overworked Piece} Qxe6 34. Qxd3+ {[%mdl 64] Double Attack} Kc7 35. Qxh7+ Kc6 (35... Kb8 $142 36. Rd1 Ka7) 36. Rd1 {Strongly threatening Nf7.} Rf8 37. Qg7 Rf4 38. Qg8 Qxh6 {[%mdl 4096] Endgame KQR-KQR} (38... Qxg8 $18 39. Nxg8 Rf7) 39. Qe8+ {White mates.} Kc5 40. Qxe5+ Kc6 41. Qd5+ Kc7 42. Qd8+ Kc6 43. Qd7+ Kc5 44. Qd5# {Accuracy: White = 72%, Black = 40%.} 1-0

[Event "Asian Zonal-ch 3.5 Women 2019"]
[Site "Zi Bo"]
[Date "2019.09.10"]
[Round "9.6"]
[White "Ning, Kaiyu"]
[Black "Ha, Yihan"]
[Result "1-0"]
[WhiteElo "2354"]
[BlackElo "1580"]
[Annotator "TA"]
[PlyCount "117"]
[EventDate "2019.09.05"]
[EventType "swiss"]
[EventCountry "CHN"]
[SourceTitle "playchess.com"]
[Source "ChessBase"]
[SourceQuality "1"]

{[%evp 20,117,19,1,1,1,1,2,0,7,5,8,11,4,20,14,10,12,72,33,32,30,24,27,35,27,28,10,26,0,0,-12,62,10,10,0,2,5,45,46,52,56,43,50,67,66,42,67,427,435,425,439,425,397,403,400,389,373,434,412,460,416,761,731,868,852,1006,1010,1009,1009,860,980,1010,1022,1049,1025,949,906,800,738,835,883,1066,730,864,860,898,851,1318,1281,2099,2011,1756,1698,4606,4602,29985,29986,29985,29983]} 1. d4 d5 2. c4 e6 3. Nf3 Nf6 4. g3 Bb4+ 5. Bd2 Be7 6. Bg2 O-O 7. O-O c6 8. Qc2 Nbd7 9. Rd1 b6 10. Bf4 Bb7 11. Ne5 Nh5 {E08: Closed Catalan: Main Line: 7 Qc2} 12. Bd2 Nhf6 13. cxd5 cxd5 {The position is equal.} 14. Nc6 Bxc6 15. Qxc6 Qc8 16. Qb5 {[#]} Qb7 $146 ({Predecessor:} 16... Ne8 17. Nc3 Nd6 18. Qd3 Qc4 19. Qb1 {½-½ (88) Artemiev,V (2636)-Movsesian,S (2670) Loo 2014}) 17. Qd3 Rac8 18. Nc3 Qb8 (18... a6 $11) 19. e3 Rfd8 20. Be1 Ne8 21. f3 Ndf6 22. Kh1 Nd6 23. b3 h6 24. e4 dxe4 25. fxe4 {And now e5 would win.} Nd7 (25... e5 $1 $11) 26. e5 ({White should try} 26. a4 $14) 26... Nf5 $11 27. Qf3 Nf8 28. Bf2 Nh7 29. h4 Bb4 30. Ne4 {[#] aiming for g4.} Ba3 31. g4 Ne7 32. b4 $36 {[%mdl 2048] White fights for an advantage.} Bxb4 33. a3 Nd5 $2 {[%mdl 8192]} (33... Ba5 $14) 34. axb4 $18 Nxb4 35. Nd6 Rc7 36. Rac1 {[%cal Ba1c1,Bc1c6,Bc6c7][%mdl 32]} a5 37. Qb3 Nf8 38. Be1 Na6 39. Qb5 Ra7 40. Rc6 Nd7 (40... Nc7 $142) 41. Rdc1 Nc7 42. Qc4 b5 43. Qf1 Rf8 {[#]} 44. Bxa5 $1 {[%mdl 576] Deflection} Rxa5 45. Rxc7 Qd8 46. g5 Ra3 47. Qxb5 Ra1 48. Rxa1 Qxc7 49. Qc6 Qd8 50. Ra7 Nb6 51. Qc7 Qxc7 52. Rxc7 hxg5 53. hxg5 g6 54. Rb7 Nc8 55. Ne4 Rd8 56. Nf6+ Kg7 57. d5 exd5 58. Bxd5 Rf8 59. e6 {Accuracy: White = 58%, Black = 35%.} 1-0

[Event "Asian Zonal-ch 3.5 Women 2019"]
[Site "Zi Bo"]
[Date "2019.09.10"]
[Round "9.7"]
[White "Li, Xueyi"]
[Black "Song, Yuxin"]
[Result "1/2-1/2"]
[WhiteElo "2323"]
[BlackElo "2305"]
[Annotator "RC"]
[PlyCount "64"]
[EventDate "2019.09.05"]
[EventType "swiss"]
[EventCountry "CHN"]
[SourceTitle "playchess.com"]
[Source "ChessBase"]
[SourceQuality "1"]
[TimeControl "5400+30"]

1. d4 {[%emt 0:00:00]} Nf6 {[%emt 0:00:00]} 2. c4 {[%emt 0:00:01]} e6 {[%emt 0:00:00]} 3. Nf3 {[%emt 0:00:19]} d5 {[%emt 0:00:05]} 4. g3 {[%emt 0:00:13]} Bb4+ {[%emt 0:00:07]} 5. Bd2 {[%emt 0:00:18]} Be7 {[%emt 0:00:11]} 6. Bg2 {[%emt 0:00:06]} O-O {[%emt 0:00:16]} 7. O-O {[%emt 0:00:07]} Nbd7 {[%emt 0:00:08]} 8. Qc2 {[%emt 0:00:35]} c6 {[%emt 0:00:07]} 9. a4 {[%emt 0:03:12]} a5 {[%emt 0:00:42]} 10. Bf4 {[%emt 0:01:03]} b6 {[%emt 0:03:19]} 11. Nc3 {[%emt 0:03:45]} dxc4 {[%emt 0:19:06]} 12. e4 {[%emt 0:05:08]} Ba6 {[%emt 0:08:05]} 13. Rfd1 {[%emt 0:01:35]} Rc8 {[%emt 0:02:22]} 14. Qe2 {[%emt 0:10:10]} Bb4 {[%emt 0:12:11]} 15. h4 {[%emt 0:26:05]} b5 {[%emt 0:18:23]} 16. d5 {[%emt 0:17:33]} exd5 {[%emt 0:13:08]} 17. exd5 {[%emt 0:00:12]} Nxd5 {[%emt 0:00:50]} 18. Nxd5 {[%emt 0:00:30]} cxd5 {[%emt 0:00:06]} 19. Rxd5 {[%emt 0:00:25]} Bb7 {[%emt 0:00:23]} 20. Rdd1 {[%emt 0:02:07]} Re8 {[%emt 0:01:53]} 21. Qf1 {[%emt 0:01:11]} Be4 {[%emt 0:01:44]} 22. axb5 {[%emt 0:10:41]} Bd3 {[%emt 0:02:29]} 23. Rxd3 {[%emt 0:00:06]} cxd3 {[%emt 0:00:02]} 24. Qxd3 {[%emt 0:00:05]} Nc5 {[%emt 0:00:59]} 25. Qxd8 {[%emt 0:01:02]} Rcxd8 {[%emt 0:01:58]} 26. Ne5 {[%emt 0:00:20]} Nb3 {[%emt 0:04:40]} 27. Rf1 {[%emt 0:00:06]} Bc5 {[%emt 0:02:33]} 28. Nc6 {[%emt 0:00:09]} Rd7 {[%emt 0:00:13]} 29. Bh3 {[%emt 0:01:27]} Rd5 {[%emt 0:03:01]} 30. Bg2 {[%emt 0:00:33]} Rd7 {[%emt 0:00:01]} 31. Bh3 {[%emt 0:00:05]} Rd5 {[%emt 0:00:01]} 32. Bg2 {[%emt 0:00:05]} Rd7 {[%emt 0:00:01]} 1/2-1/2

[Event "Asian Zonal-ch 3.5 Women 2019"]
[Site "Zi Bo"]
[Date "2019.09.10"]
[Round "9.8"]
[White "Hu, Yu A."]
[Black "Zhou, Zirun"]
[Result "1/2-1/2"]
[WhiteElo "2105"]
[BlackElo "2155"]
[Annotator "TA"]
[PlyCount "65"]
[EventDate "2019.09.05"]
[EventType "swiss"]
[EventCountry "CHN"]
[SourceTitle "playchess.com"]
[Source "ChessBase"]
[SourceQuality "1"]

{[%evp 17,65,44,58,11,20,8,9,10,23,20,36,27,32,31,31,0,0,-27,0,-12,0,26,26,33,49,20,15,14,8,17,17,20,45,37,37,29,141,135,164,155,154,112,154,139,141,133,142,100,97,72]} 1. e4 e5 2. Nf3 Nc6 3. Bb5 a6 4. Ba4 Nf6 5. O-O b5 6. Bb3 Bc5 7. a4 {[%cal Ba2a4,Ba4a5][%mdl 32]} Rb8 8. c3 d6 9. d4 Bb6 10. a5 {C78: Ruy Lopez: Archangelsk and Möller Defences} Ba7 $1 11. h3 O-O 12. Be3 {The position is equal.} Ra8 13. Nbd2 exd4 $146 (13... h6 14. Re1 Re8 15. Qb1 exd4 16. cxd4 Nb4 17. Ra3 c5 18. dxc5 dxc5 19. Bxf7+ Kxf7 {0-1 (33) Lagarde,M (2612)-Jones,G (2698) Reykjavik 2019}) 14. cxd4 Nb4 15. e5 dxe5 16. dxe5 Bxe3 17. exf6 (17. fxe3 $5 {[%cal Re5f6]} Nfd5 18. Bxd5 Qxd5 19. Rc1 $15) 17... Bxd2 18. fxg7 Kxg7 {[#] Threatens to win with ...Bf4.} 19. Nxd2 Bf5 20. Qf3 Qf6 21. Rac1 {With the idea Ne4.} Rad8 22. Ne4 Qe5 23. Qg3+ Qxg3 24. Nxg3 Bg6 25. f4 $36 {[%mdl 2048] Strongly threatening f5. White has some pressure.} Rd3 26. Rc3 Rxc3 (26... f5 $11) 27. bxc3 $16 Bc2 28. cxb4 Bxb3 29. Rc1 Bc4 30. Ne4 Rd8 31. Nc5 Rd6 32. Rc2 h5 33. Rc1 {Accuracy: White = 63%, Black = 55%.} 1/2-1/2

[Event "Asian Zonal-ch 3.5 Women 2019"]
[Site "Zi Bo"]
[Date "2019.09.10"]
[Round "9.9"]
[White "Zhang, Yuxuan"]
[Black "Zhao, Shengxin"]
[Result "1/2-1/2"]
[WhiteElo "1979"]
[BlackElo "2162"]
[Annotator "TA"]
[PlyCount "61"]
[EventDate "2019.09.05"]
[EventType "swiss"]
[EventCountry "CHN"]
[SourceTitle "playchess.com"]
[Source "ChessBase"]
[SourceQuality "1"]

{[%evp 16,61,10,0,12,0,0,-7,28,29,25,25,89,99,94,92,89,100,101,77,81,81,73,72,112,67,87,60,73,22,37,35,37,38,33,22,26,20,8,21,22,0,29,0,6,0,8,0]} 1. e4 c5 2. Nf3 Nc6 3. d4 cxd4 4. Nxd4 Nf6 5. Nc3 d6 6. Be2 e5 7. Nf3 h6 8. O-O Be7 9. Bc4 O-O {B58: Classical Sicilian: 6 Be2} 10. Re1 Na5 (10... Bg4 11. h3 Bh5 12. a3 Rc8 13. Ba2 Qd7 14. Qd3 Rfd8 15. Nh4 Nd4 16. Be3 g5 17. Nf5 Nxf5 18. exf5 {1-0 (39) Schroeder,J (2577)-Frischmann,R (2317) Karlsruhe 2019}) 11. Bd5 $146 ({Predecessor:} 11. Bf1 a6 12. Nd5 Nxd5 13. exd5 b5 14. a4 Bd7 15. axb5 axb5 16. b3 f5 17. Bb2 Bf6 {½-½ (47) Zakharov,Y (2229)-Kurgansky,V (2373) ICCF email 2015}) 11... Nxd5 12. Nxd5 Be6 13. b3 b6 (13... Bxd5 $11 {keeps the balance.} 14. Qxd5 Nc6) 14. Nxe7+ $16 Qxe7 15. Ba3 Nb7 16. Nxe5 $1 {[%mdl 64] [#] Pin} Bxb3 17. Nc6 Qc7 18. cxb3 Qxc6 19. Rc1 Qd7 20. Qd5 {Hoping for e5.} Rfd8 21. Red1 Rac8 $1 22. b4 (22. h3 $16) 22... Rxc1 23. Rxc1 Rc8 24. g3 Rc7 25. Bb2 Nd8 26. b5 (26. h4 {is more complex.} Ne6 27. a3 Qc8 28. Rxc7 Qxc7 29. Qd3) 26... Rxc1+ 27. Bxc1 Ne6 28. Ba3 {Threatens to win with e5.} Nc7 29. Qb7 (29. Qc6 $5 {[%cal Rc6d7]} Qd8 30. Kg2 $16 (30. Bxd6 Nxb5 31. Be5 Qd1+ 32. Kg2 Qe2 $14)) 29... Qd8 30. Qc6 d5 31. exd5 {Accuracy: White = 50%, Black = 65%.} 1/2-1/2